Logo de boissons par images #1 - Statistiques

Statistiques générales
  • Ce quiz a été pris 474 fois
  • Le résultat moyen est 12 sur 16
Statistiques - réponses
Par images Réponse % Correct
Red Bull
100%
Coca Cola
99%
Orangina
99%
Pepsi
97%
Fanta
95%
Lipton
94%
Cristaline
90%
Oasis
85%
7up
80%
Powerade
72%
Schweppes
66%
San Pellegrino
61%
Tropicana
57%
Minute Maid
54%
Badoit
50%
Champomy
41%
Aucun quiz correspondant
Distribution des résultats
% des personnes avec chaque résultat
Percentile par nombre de réponses
Votre historique - résultats
Vous n’avez pas pris ce quiz